000
00245nam a2200109Ia 4500
008
190216s9999||||xx |||||||||||||| ||und||
100
_a
Antony
245
0
_a
Kallyana Chitti
260
_b
Nbs Kottayam
650
_a
Malayalam Nadakam
942
_c
BK
999
_c
23597
_d
23597